| 000 | 00891nam a2200337 a 4500 | ||
|---|---|---|---|
| 003 | AR-BaBNM | ||
| 005 | 20251128202904.0 | ||
| 008 | 082120s2002 ||||||||||||||000 | spa|| | ||
| 020 | _a950-549-213-8 | ||
| 040 | _cAR-BaBNM | ||
| 100 | 1 | _aPenelas, Carlos | |
| 245 | 0 | 0 | _aConversaciones con Luis Franco |
| 260 |
_aBuenos Aires _bTorres Agüero Editor _c1991 |
||
| 300 | _a71 p. | ||
| 490 | 0 | _aRetratos | |
| 500 | _aContiene referencias bibliográficas en p. 67 | ||
| 650 | 4 | _aLITERATURA ARGENTINA | |
| 650 | 4 | _aHISTORIA ARGENTINA | |
| 650 | 4 | _aSOCIOLOGIA CULTURAL | |
| 650 | 4 | _aCRITICA LITERARIA | |
| 650 | 4 | _aVIDA LITERARIA | |
| 650 | 4 | _aBIOGRAFIAS | |
| 650 | 4 | _aENTREVISTAS | |
| 650 | 4 | _aANALISIS HISTORICO | |
| 650 | 4 | _aHISTORIA CULTURAL | |
| 650 | 4 | _aESTUDIOS CULTURALES | |
| 655 | _aLITERATURA | ||
| 700 | 1 | _aFranco, Luis L. | |
| 942 | _cBK | ||
| 998 | _cMARTIN | ||
| 999 |
_c1057 _d1057 |
||